[Event "Chess Masters 3rd"]
[Site "Enghien-les-Bains"]
[Date "1999.03.09"]
[Round "6"]
[White "Rausis, Igors"]
[Black "Bologan, Viktor"]
[Result "0-1"]
[WhiteElo "2508"]
[BlackElo "2608"]

1.d4 g6 2.g3 Bg7 3.Bg2 Nf6 4.c4 O-O 5.Nf3 d6 6.O-O Nc6 7.Nc3 a6 8.b3 Rb8
9.Nd5 Nh5 10.Bb2 e6 11.Ne3 Ne7 12.Qd2 b6 13.Rac1 Bb7 14.Rfd1 h6 15.c5 Nf6
16.cxb6 cxb6 17.Ba3 b5 18.Qb4 Ne8 19.Qe1 a5 20.Bb2 f5 21.Bc3 b4 22.Bb2 Nf6
23.Rc2 g5 24.Rdc1 Be4 25.Rc7 f4 26.Nf1 Ned5 27.R7c4 Bg6 28.e3 fxg3 29.fxg3 Bd3
30.Rc6 Ne7 31.Rc7 Nfd5 32.R7c4 Bxf1 33.Kxf1 g4 34.e4 Nb6 35.Rc7 Rc8 36.Rxc8 Nexc8
37.Qe3 Qf6 38.Ke2 gxf3+ 39.Bxf3 Qg6 40.Rc7 Rf7 41.Qc1 Rxc7 42.Qxc7 Qf7 43.Qc6 Qd7
44.Qxd7 Nxd7 45.Kd3 Ncb6 46.a3 e5 47.axb4 axb4 48.d5 Nc5+ 49.Kc2 Nbd7 50.Bc1 Nf6
51.Bd2 Nfxe4 52.Bxb4 Nf6 53.Bd2 Kf7 54.b4 Ncd7 55.b5 Nb6 56.Kd3 Nfxd5 57.Ba5 Ke6
58.Bg4+ Ke7 59.Bf3 Kd7 60.h4 Bf8 61.Bg2 Be7 62.Bf3 Bd8 63.Bd2 Nf6 64.Bxh6 d5
65.Be2 Nc4 66.h5 Ke6 67.Bg5 Kf5 68.Bc1 Bb6 69.Kc3 Ne3 70.h6 Kg6 71.Ba3 Kxh6
72.Kd3 e4+ 73.Kc3 Nf5 74.Bc1+ Kg6 75.Bf4 Nh5 76.Be5 Nhxg3 77.Bd1 Kg5 78.Bb3 d4+
79.Kc4 Ne3+ 80.Kb4 Ne2 81.Be6 d3 82.Bd6 d2 83.Bb3 Nd4 84.Kc3 Nxb3  0-1

[Event "Chess Masters 3rd"]
[Site "Enghien-les-Bains"]
[Date "1999.03.10"]
[Round "7"]
[White "Bologan, Viktor"]
[Black "Tkachiev, Vladislav"]
[Result "1-0"]
[WhiteElo "2608"]
[BlackElo "2634"]

1.e4 e5 2.Nf3 Nc6 3.Bb5 a6 4.Ba4 Nf6 5.O-O b5 6.Bb3 Bc5 7.a4 Rb8 8.c3 d6
9.d4 Bb6 10.Na3 O-O 11.axb5 axb5 12.Nxb5 exd4 13.cxd4 Bg4 14.Ra4 Re8 15.Re1 Qd7
16.Bc2 d5 17.e5 Ne4 18.Nc3 Nxe5 19.dxe5 Bxf3 20.Qxf3 Bxf2+ 21.Kh1 Nxc3 22.Rg4 Bxe1
23.Bh6 Qxg4 24.Qxg4 g6 25.Qf3 Bh4 26.Qxc3 d4 27.Qxd4 Bf6 28.Bf4 Re6 29.h3 Bg7
30.Bb3 Reb6 31.Bc4 Rxb2 32.Qd7 Rf8 33.Qxc7 h6 34.Qc6 g5 35.Be3 Rb1+ 36.Bg1 Rd8
37.Be2 Re1 38.Qb5 Rd2 39.e6 fxe6  1-0

[Event "ROM-chT"]
[Site "Sovata"]
[Date "1999.04.18"]
[Round "3"]
[White "Bologan, Viktor"]
[Black "Ceteras, Marius"]
[Result "1-0"]
[WhiteElo "2608"]
[BlackElo "2353"]

1.e4 e6 2.d4 d5 3.Nc3 Nf6 4.e5 Nfd7 5.Nce2 c5 6.c3 Nc6 7.f4 cxd4 8.cxd4 Qb6
9.Nf3 Be7 10.Nc3 f6 11.Bd3 O-O 12.a3 a5 13.h4 f5 14.Be3 Qd8 15.Ng5 Bxg5 16.hxg5 g6
17.Nb5 b6 18.Rc1 Ndb8 19.g4 Ba6 20.gxf5 exf5 21.Nd6 Bxd3 22.Qxd3 Ra7 23.Rc2 Rd7
24.Qb5 Ne7 25.Rch2 h5 26.gxh6 Rxd6 27.exd6 Qxd6 28.O-O Kh7 29.Re1 Rg8 30.Bd2 Qf6
31.Qd3 Nbc6 32.Qe3 Nc8 33.Kh1 Qxd4  1-0

[Event "ROM-chT"]
[Site "Sovata"]
[Date "1999.04.19"]
[Round "4"]
[White "Bologan, Viktor"]
[Black "Pavlov, Mircea"]
[Result "1-0"]
[WhiteElo "2608"]
[BlackElo "2372"]

1.e4 c5 2.Nf3 d6 3.d4 cxd4 4.Nxd4 Nf6 5.Nc3 Nc6 6.Bg5 e6 7.Qd2 a6 8.O-O-O Be7
9.f4 Nxd4 10.Qxd4 b5 11.Bxf6 gxf6 12.Be2 Bb7 13.f5 h5 14.fxe6 fxe6 15.Bf3 Rc8
16.Qd3 Qc7 17.Kb1 Qc4 18.Qd2 Qc5 19.Ne2 Kf7 20.Nf4 Qe5 21.Nd3 Qg5 22.Qe2 h4
23.Rhf1 Rh6 24.h3 Rc7 25.Bg4 Bc8 26.Qf2 Rc6 27.Ne1 Qc5 28.Qd2 Kg7 29.Nf3 Rc7
30.Nd4 Qe5 31.Rfe1 Kh7  1-0

[Event "CCA ChessWise op"]
[Site "Stratton Mountain"]
[Date "1999.06.12"]
[Round "2"]
[White "Bologan, Viktor"]
[Black "Garcia, Gildardo"]
[Result "1-0"]
[WhiteElo "2608"]
[BlackElo "2446"]

1.e4 e5 2.Nf3 Nc6 3.Bb5 a6 4.Ba4 Nf6 5.O-O b5 6.Bb3 Bc5 7.a4 Bb7 8.d3 O-O
9.Nc3 Na5 10.Ba2 b4 11.Ne2 d5 12.Nxe5 Qe7 13.d4 Nxe4 14.Ng3 Bb6 15.c3 bxc3
16.Nxe4 cxb2 17.Bxb2 dxe4 18.Ba3 c5 19.Rb1 Ba7 20.Qh5 Rad8 21.dxc5 Rd2 22.c6 Qf6
23.Bxf8 Rxa2 24.cxb7 Rxf2 25.Rxf2 Qxf2+ 26.Kh1 Nxb7 27.Qxf7+ Qxf7 28.Nxf7 Na5
29.Bb4 Nc6 30.Ng5 e3 31.Rc1  1-0

[Event "CCA ChessWise op"]
[Site "Stratton Mountain"]
[Date "1999.06.12"]
[Round "3"]
[White "Ehlvest, Jaan"]
[Black "Bologan, Viktor"]
[Result "1-0"]
[WhiteElo "2593"]
[BlackElo "2608"]

1.Nf3 Nf6 2.c4 g6 3.g3 Bg7 4.Bg2 O-O 5.O-O d6 6.d4 Nc6 7.Nc3 a6 8.b3 Rb8
9.Nd5 Nh5 10.Bb2 e6 11.Nc3 b5 12.d5 Na5 13.dxe6 Bxe6 14.cxb5 axb5 15.Qc2 Nf6
16.Ng5 Bf5 17.e4 Bd7 18.Rad1 b4 19.Ne2 Re8 20.Nf4 Rb5 21.h4 h6 22.e5 dxe5
23.Nxf7 Kxf7 24.Qxg6+ Kg8 25.Bh3 Rb6 26.Bxd7 Nxd7 27.Qg4 Rd6 28.Nh5 Qe7 29.Rxd6 cxd6
30.Nxg7 Qxg7 31.Qxb4 Nxb3 32.Qxb3+ Qf7 33.Rd1 Qxb3 34.axb3 Re6 35.Ba3 Nc5
36.Bxc5 dxc5 37.Rd7 Rb6 38.Rd5 Rxb3 39.Rxe5 c4 40.Rc5 c3 41.Rc7 h5 42.Kg2 Kf8
43.Kf3 Ke8 44.Ke3 c2+ 45.Kd2  1-0

[Event "CCA ChessWise op"]
[Site "Stratton Mountain"]
[Date "1999.06.13"]
[Round "4"]
[White "Bologan, Viktor"]
[Black "Shapiro, Daniel E"]
[Result "1-0"]
[WhiteElo "2608"]
[BlackElo "2278"]

1.e4 c5 2.Nf3 Nc6 3.d4 cxd4 4.Nxd4 Nf6 5.Nc3 d6 6.Bg5 e6 7.Qd2 Be7 8.O-O-O Nxd4
9.Qxd4 O-O 10.f3 a6 11.h4 b5 12.Kb1 Qc7 13.Qd2 Bb7 14.Bd3 b4 15.Ne2 a5 16.g4 Rac8
17.Nd4 Kh8 18.h5 d5 19.Nb5 Qd7 20.e5 Ne8 21.Bxe7 Qxe7 22.Nd4 f6 23.Rde1 Nc7
24.f4 fxe5 25.Rxe5 Qf6 26.Rf1 Rce8 27.g5 Qd8 28.Qe3 Qd6 29.Re1 Rd8 30.f5 exf5
31.Nxf5 Qc6 32.h6  1-0

[Event "CCA ChessWise op"]
[Site "Stratton Mountain"]
[Date "1999.06.16"]
[Round "8"]
[White "Bologan, Viktor"]
[Black "Akopian, Vladimir"]
[Result "1-0"]
[WhiteElo "2608"]
[BlackElo "2640"]

1.e4 c5 2.Nf3 d6 3.d4 cxd4 4.Nxd4 Nf6 5.Nc3 a6 6.Be3 e6 7.f3 b5 8.Qd2 Bb7
9.g4 Nfd7 10.O-O-O Nb6 11.Nb3 Nc6 12.Qf2 Nd7 13.Kb1 Nce5 14.g5 Rb8 15.h4 b4
16.Ne2 Be7 17.Rg1 Qc7 18.h5 g6 19.Ned4 gxh5 20.Qh4 Rc8 21.Qxh5 Ng6 22.Bd3 d5
23.exd5 Bxd5 24.f4 Nc5 25.Nxc5 Bxc5 26.f5 Bxd4 27.Bxd4 Nf4 28.Qh2 Rf8 29.Bxa6 Bxa2+
30.Kxa2 Ra8 31.Kb1 Rxa6 32.Bf6 Ra8 33.b3 Nd5 34.Qxc7 Nxc7 35.Rge1 Nb5 36.Kb2 Rg8
37.Rd3 Nc3 38.Bxc3 bxc3+ 39.Rxc3 Rxg5 40.fxe6 Ra7 41.Rf3 f5 42.Re5 h5 43.b4 h4
44.b5 Rh5 45.Rfxf5 Rxf5 46.Rxf5 Rh7 47.Rc5 Kd8 48.e7+ Rxe7 49.Rh5 Kc7 50.Kb3 Kb6
51.Kb4 Re4+ 52.c4 Rg4 53.Rh6+ Kb7 54.Rh7+ Kb6 55.Rf7 Re4 56.Kc3 Re5 57.Rf6+  1-0

[Event "World op Warm Up"]
[Site "Philadelphia"]
[Date "1999.06.26"]
[Round "1"]
[White "Bologan, Viktor"]
[Black "Shapiro, M."]
[Result "1-0"]
[WhiteElo "2608"]
[BlackElo "2104"]

1.e4 e5 2.Nf3 Nc6 3.Bb5 Bc5 4.O-O Qf6 5.c3 Nge7 6.Re1 a6 7.d4 Ba7 8.Ba4 h6
9.Kh1 O-O 10.dxe5 Nxe5 11.Nxe5 Qxe5 12.f4 Qf6 13.c4 d6 14.Nc3 Qh4 15.g3 Qh3
16.Be3 Bg4 17.Qd2 Bc5 18.f5 Nc6 19.Bxc5 dxc5 20.Qf4 g5 21.Qf1 Qxf1+ 22.Rxf1 Ne5
23.Bd1 Bh3 24.Rf2 Rfd8 25.b3 Rd3 26.Rc2 Rad8 27.Be2 Rd2 28.Rac1 c6 29.Nb1 R2d4
30.Nc3 Ng4 31.Kg1 Ne3 32.Rb2 Rd2 33.Rxd2 Rxd2 34.Kf2 Ng4+ 35.Ke1 Rd4 36.Bxg4 Bxg4
37.Rc2 Rd3 38.Kf2 b5 39.Nb1 Rf3+ 40.Kg2 Re3 41.Nc3 Rd3 42.h3 Bf3+ 43.Kf2 h5
44.e5 g4 45.hxg4 hxg4 46.f6 Kf8 47.Ne2 Bxe2 48.Kxe2 Rxg3 49.cxb5 cxb5 50.Rxc5 Ke8
51.Rc7 Rg2+ 52.Ke3 Rxa2 53.Kf4 Rb2 54.Kxg4 Rxb3 55.Rc8+ Kd7 56.Rf8 Ke6 57.Re8+ Kd5
58.e6  1-0

[Event "World op"]
[Site "Philadelphia"]
[Date "1999.06.30"]
[Round "4"]
[White "Yermolinsky, Alex"]
[Black "Bologan, Viktor"]
[Result "0-1"]
[WhiteElo "2597"]
[BlackElo "2608"]

1.d4 Nf6 2.c4 g6 3.Nc3 d6 4.e4 Bg7 5.Nf3 O-O 6.Be2 e5 7.O-O exd4 8.Nxd4 Re8
9.f3 Nc6 10.Be3 Nh5 11.Qd2 f5 12.Nxc6 bxc6 13.c5 Rb8 14.Rad1 d5 15.Bf2 Be6
16.exf5 gxf5 17.Rfe1 Qf6 18.Bd4 Qxd4+ 19.Qxd4 Bxd4+ 20.Rxd4 Rxb2 21.Bd1 Nf6
22.Bb3 Bd7 23.Rxe8+ Bxe8 24.Rb4 Kf8 25.Na4 Rd2 26.Rb7 d4 27.Rxc7 Nd5 28.Rxh7 Ne3
29.Rh8+ Ke7 30.Rg8 f4 31.h4 Re2 32.Rg7+ Kf6 33.Rg8 Bg6 34.Rf8+  0-1

[Event "World op"]
[Site "Philadelphia"]
[Date "1999.07.04"]
[Round "6"]
[White "Bologan, Viktor"]
[Black "Novikov, Igor A"]
[Result "1/2-1/2"]
[WhiteElo "2655"]
[BlackElo "2692"]

1.e4 c5 2.Nf3 d6 3.d4 cxd4 4.Nxd4 Nf6 5.Nc3 a6 6.Be3 e6 7.f3 b5 8.Qd2 Nbd7
9.g4 h6 10.O-O-O Bb7 11.h4 b4 12.Na4 Qa5 13.b3 Nc5 14.a3 Nxa4 15.axb4 Qc7
16.bxa4 d5 17.e5 Nd7 18.f4 Nb6 19.Rh3 Nxa4 20.Bf2 Rc8 21.Be1 Nb6 22.Ra3 Nc4
23.Bxc4 dxc4 24.Qe2 Qb6 25.c3 Bd5 26.Qc2 Ra8 27.f5 Qb7 28.Qa4+ Qd7 29.fxe6 Qxa4
30.exf7+ Kxf7 31.Rxa4 Be7 32.Ra5 Rhd8 33.Bg3 Bb7 34.Rf1+ Kg8 35.Nf5 Re8 36.e6 Bf6
37.Nd6 Rxe6 38.Nxb7 Bxc3 39.Rc5 Rb6 40.Rxc4 Bxb4 41.Rc7 Re8 42.Rf3 Re4 43.Nd8 Ba5  1/2-1/2

[Event "GM Event"]
[Site "Biel"]
[Date "1999.07.21"]
[Round "3"]
[White "Avrukh, Boris"]
[Black "Bologan, Viktor"]
[Result "1-0"]
[WhiteElo "2588"]
[BlackElo "2620"]

1.d4 d6 2.c4 e5 3.d5 f5 4.e4 fxe4 5.Nc3 Nf6 6.Nge2 Bf5 7.Ng3 Bg6 8.Bg5 Nbd7
9.Ncxe4 Be7 10.Bxf6 Bxf6 11.Bd3 O-O 12.O-O Bh4 13.Ne2 Qe7 14.Qc2 Rf7 15.N2c3 Raf8
16.b4 a6 17.Rad1 Qd8 18.Qe2 Nb6 19.c5 Nc8 20.g3 Be7 21.a4 a5 22.bxa5 dxc5
23.a6 bxa6 24.Bxa6 Rf3 25.Rd3 Bh5 26.Qa2 R3f7 27.Rd2 Qd7 28.Be2 Bxe2 29.Rxe2 Na7
30.Qc4 Qh3 31.Qa6 Nc8 32.Qe6 Qxe6 33.dxe6 Rf3 34.Nd5 Bd6 35.Rc1 Ra3 36.Nxc5 Re8
37.Ne4 Rxe6 38.Nxc7 Bxc7 39.Rxc7 Nb6 40.Nc5 Re8 41.Re4 Nd5 42.Ra7 h5 43.a5 Nf6
44.Rb4 e4 45.Rbb7 Kh8 46.a6 e3 47.fxe3 Ra1+ 48.Kg2 Ra2+ 49.Kf3 Ng4 50.Re7 Rd8
51.Rxg7 Rf2+ 52.Ke4 Nf6+ 53.Ke5 Rd5+ 54.Ke6 Rxc5 55.Rgc7 Ra5 56.Rf7 Re2 57.Kxf6  1-0

[Event "GM Event"]
[Site "Biel"]
[Date "1999.07.24"]
[Round "6"]
[White "Bologan, Viktor"]
[Black "Pelletier, Yannick"]
[Result "1/2-1/2"]
[WhiteElo "2620"]
[BlackElo "2479"]

1.e4 c5 2.Nf3 d6 3.d4 cxd4 4.Nxd4 Nf6 5.Nc3 a6 6.Be3 e6 7.f3 b5 8.Qd2 Nbd7
9.g4 h6 10.O-O-O Bb7 11.h4 b4 12.Na4 Qa5 13.b3 Nc5 14.a3 Nxa4 15.axb4 Qc7
16.bxa4 d5 17.e5 Nd7 18.f4 Nb6 19.Rh3 Nxa4 20.Bf2 Rc8 21.Be1 Nb6 22.Ra3 Be7
23.Kb1 O-O 24.g5 h5 25.g6 Nc4 26.Bxc4 dxc4 27.gxf7+ Rxf7 28.Nxe6 Qb6 29.Nd4 a5
30.Rxa5 c3 31.Qe2 Qxb4+ 32.Nb3 Be4 33.Rb5 Qa3 34.Bxc3 Rxf4 35.Rd4  1/2-1/2

[Event "GM Event"]
[Site "Biel"]
[Date "1999.07.26"]
[Round "8"]
[White "Bologan, Viktor"]
[Black "Avrukh, Boris"]
[Result "1/2-1/2"]
[WhiteElo "2620"]
[BlackElo "2588"]

1.e4 c5 2.Nf3 d6 3.d4 cxd4 4.Nxd4 Nf6 5.Nc3 Nc6 6.Bg5 e6 7.Qd2 Qb6 8.Nb3 Be7
9.Bxf6 Bxf6 10.Qxd6 Be5 11.Qd2 O-O 12.Bd3 a5 13.a4 Rd8 14.f4 Bxc3 15.bxc3 e5
16.f5 Bxf5 17.Qf2 Qxf2+ 18.Kxf2 Bc8 19.Rhb1 Rd7 20.Nd2 Rc7 21.Rb5 Be6 22.Rab1 Nd8
23.Rxe5 Rxc3 24.Nb3 Bd7 25.Rc5 Rxc5 26.Nxc5 Bc6 27.Ke3 Rc8 28.Kd4 Kf8 29.Bc4 Ke7
30.Bd5 f6 31.c4 Kd6 32.Nd3 Bxa4 33.Ra1 Nc6+ 34.Kc3 b5 35.Nb2 Ne7 36.Kd4 Nc6+
37.Bxc6 Kxc6 38.Nxa4 bxa4 39.Rxa4 Rd8+ 40.Kc3 Ra8 41.Ra3 Kc5 42.Ra4 h5 43.g3 g5
44.Kd3 Ra7 45.Ra2  1/2-1/2

[Event "MK Cafe Cup-A"]
[Site "Koszalin"]
[Date "1999.08.06"]
[Round "4"]
[White "Shabalov, Alexander"]
[Black "Bologan, Viktor"]
[Result "1-0"]
[WhiteElo "2566"]
[BlackElo "2620"]

1.e4 g6 2.d4 Bg7 3.Nc3 c6 4.Bc4 d6 5.Qf3 e6 6.Nge2 Bd7 7.O-O Nf6 8.Bb3 O-O
9.Bg5 h6 10.Bh4 b5 11.Rad1 Qc7 12.Qe3 a5 13.a3 Na6 14.Rfe1 c5 15.dxc5 Nxc5
16.Bg3 Ng4 17.Qd2 Ne5 18.Nd4 Qb6 19.Bf4 g5 20.Be3 Ng4 21.Nxe6 Nxb3 22.Bxb6 Nxd2
23.Nxg7 Nc4 24.Bd4 Nxb2 25.Ra1 Nc4 26.Nf5 Kh7 27.h4 gxh4 28.f3 Nge5 29.Kf2 Rac8
30.Rh1 Bxf5 31.exf5 Nxa3 32.Rxh4 Nxc2 33.Rah1 Nxd4 34.Rxh6+ Kg8 35.g4 Nexf3
36.Rh8+ Kg7 37.R8h7+ Kf6 38.Nd5+ Kg5 39.Kg3  1-0

[Event "MK Cafe Cup-A"]
[Site "Koszalin"]
[Date "1999.08.12"]
[Round "9"]
[White "Bologan, Viktor"]
[Black "Ulibin, Mikhail"]
[Result "1-0"]
[WhiteElo "2620"]
[BlackElo "2562"]

1.e4 c5 2.Nf3 e6 3.d3 Nc6 4.c3 d5 5.Qc2 Nf6 6.g3 e5 7.Bg2 d4 8.O-O Bg4 9.h3 Bh5
10.g4 Bg6 11.Nh4 c4 12.Nf5 cxd3 13.Qxd3 Nd7 14.Rd1 Nc5 15.Qb5 a6 16.Nxg7+ Bxg7
17.Qxc5 h5 18.g5 h4 19.Nd2 Bf8 20.Qd5 Qxg5 21.Nf3 Qh5 22.Bg5 Bg7 23.cxd4 O-O
24.dxe5 Nxe5 25.Nxe5 Qxg5 26.Nd7 Qxd5 27.Rxd5 Rfe8 28.e5 Rac8 29.b4 Rc2 30.a4 Rb2
31.b5 Rc8 32.b6 Rcc2 33.Rf1 Bh6 34.a5 Kg7 35.Nf6 Be3 36.Ng4 Bc5 37.e6 fxe6
38.Rd7+ Bf7 39.Bxb7 Rd2 40.Rxd2 Rxd2 41.Rc1 Bd4 42.Rc7 Ra2 43.Bc6 Rxa5 44.b7 Ba7
45.Rc8  1-0

[Event "4th Comtois It"]
[Site "Belfort FRA"]
[Date "1999.12.15"]
[Round "3"]
[White "Bologan,V"]
[Black "Zvjaginsev,V"]
[Result "1-0"]
[WhiteElo "2620"]
[BlackElo "2652"]

1.e4 c5 2.Nf3 d6 3.d4 cxd4 4.Nxd4 Nf6 5.Nc3 Nc6 6.Bg5 e6 7.Qd2 Be7 8.O-O-O O-O
9.f3 a6 10.h4 Nxd4 11.Qxd4 b5 12.Kb1 Bb7 13.Qd2 Rc8 14.Bd3 Nd7 15.a3 Nb6
16.Ne2 f6 17.Be3 Nc4 18.Bxc4 Rxc4 19.Nd4 Qd7 20.Nb3 Ba8 21.Nc5 Qc8 22.Nd3 Qb7
23.b3 Rcc8 24.Nf4 Qd7 25.h5 Rf7 26.Kb2 f5 27.e5 Qc6 28.Nd3 Qd5 29.Bf4 dxe5
30.Bxe5 Bf6 31.Qe3 Rfc7 32.Rd2 Rc3 33.Re1 Qxe5 34.Nxe5 Rxe3 35.Rxe3 Be4 36.f4 Rc5
37.Rc3 Rxe5 38.Rc8+ Kf7 39.Rd7+  1-0

[Event "4th Comtois It"]
[Site "Belfort FRA"]
[Date "1999.12.21"]
[Round "9"]
[White "Bologan,V"]
[Black "Hauchard,A"]
[Result "1-0"]
[WhiteElo "2620"]
[BlackElo "2518"]

1.e4 d5 2.exd5 Qxd5 3.Nc3 Qa5 4.d4 c6 5.Bc4 Nf6 6.Bd2 Bf5 7.Nd5 Qd8 8.Nxf6+ gxf6
9.Nf3 e6 10.Bb3 Nd7 11.Qe2 a5 12.a4 Be7 13.O-O-O Nb6 14.c4 Nd7 15.Bf4 Qb6
16.Bc2 Bxc2 17.Qxc2 Nf8 18.Kb1 Ng6 19.Bh6 O-O-O 20.h4 Bf8 21.Be3 Bb4 22.h5 Ne7
23.g4 Qc7 24.g5 fxg5 25.Bxg5 Rhf8 26.Qe4 Rde8 27.Bf4 Bd6 28.Bh6 Nf5 29.Bxf8 Bxf8
30.d5 Bc5 31.dxc6 bxc6 32.Ne5 Bxf2 33.Rd7 Qb6 34.Rhd1 Bc5 35.Nxc6 Ne3 36.Ne7+ Kb8
37.Rd8+ Rxd8 38.Rxd8+ Kc7 39.Qa8  1-0

[Event "Keres Mem (Rapid)"]
[Site "Tallinn EST"]
[Date "2000.01.22"]
[Round "1"]
[White "Bologan,V"]
[Black "Rausis,I"]
[Result "1/2-1/2"]
[WhiteElo "2589"]
[BlackElo "2486"]

1.e4 c6 2.d4 d5 3.exd5 cxd5 4.c4 Nf6 5.Nc3 e6 6.Nf3 Bb4 7.cxd5 Nxd5 8.Qc2 O-O
9.Bd3 Nf6 10.O-O Bd7 11.Ne5 Bc6 12.Rd1 h6 13.Be3 Bd6 14.Qd2 Re8 15.Bf4 Bf8
16.Rac1 Qa5 17.Bb1 Nbd7 18.Qd3 Rad8 19.Nxd7 Rxd7 20.Be5 Be7 21.a3 Qa6 22.Qc2 Kf8
23.Rd3 Bd6 24.Rg3 Bxe5 25.dxe5 Nh5 26.Re3 Red8 27.Qh7 Qc4 28.Be4 Bxe4 29.Rxe4 Qd3
30.g4 Nf4 31.Qh8+ Ke7 32.Qxg7 Qxe4 33.Qf6+ Ke8  1/2-1/2

[Event "Keres Mem (Rapid)"]
[Site "Tallinn EST"]
[Date "2000.01.22"]
[Round "3"]
[White "Bologan,V"]
[Black "Sveshnikov,E"]
[Result "1-0"]
[WhiteElo "2589"]
[BlackElo "2541"]

1.e4 c5 2.Nf3 Nc6 3.Bb5 e6 4.Bxc6 bxc6 5.d3 Ne7 6.Ng5 Ng6 7.f4 Be7 8.Nf3 d5
9.c4 e5 10.f5 dxe4 11.dxe4 Nf4 12.Qxd8+ Bxd8 13.Nxe5 Nxg2+ 14.Kf2 Nh4 15.Nc3 Bf6
16.Ng4 Bd4+ 17.Kg3 h5 18.Nf2 Bf6 19.Nh3 Bxf5 20.exf5 Nxf5+ 21.Kf4 Nd4 22.Ne4 Be7
23.Be3 O-O-O 24.Rad1 g6 25.Bxd4 Rxd4 26.Rxd4 cxd4 27.Nhg5 Kd7 28.h4 Re8 29.Nh7 Rb8
30.b3 a5 31.Rd1 c5 32.Nhf6+ Kc6 33.Kg3 a4 34.Nd5 Bd8 35.Rd3 axb3 36.axb3 Ra8
37.Ng5 Ra7 38.Rf3 f5 39.Ne6 Be7 40.Kf4 Bxh4 41.Ke5 Ra1 42.Nxd4+  1-0

[Event "Keres Mem (Rapid)"]
[Site "Tallinn EST"]
[Date "2000.01.23"]
[Round "7"]
[White "Miezis,N"]
[Black "Bologan,V"]
[Result "1-0"]
[WhiteElo "2481"]
[BlackElo "2589"]

1.c4 g6 2.Nc3 Bg7 3.g3 c5 4.Bg2 Nc6 5.d3 d6 6.a3 e6 7.h4 h6 8.Bd2 Nge7 9.Rb1 a5
10.Nh3 e5 11.Qc1 Be6 12.Nd5 Bxd5 13.cxd5 Nd4 14.b3 Nb5 15.O-O Nc7 16.e4 Nb5
17.f4 Nd4 18.Rf2 Qd7 19.fxe5 Bxe5 20.Bf4 Qg4 21.Bxe5 dxe5 22.Kh2 b6 23.Ng1 Qd7
24.Rf6 Ng8 25.Bh3 Qd8 26.Rf2 Kf8 27.Nf3 Nxf3+ 28.Rxf3 Kg7 29.Qb2 Qd6 30.Rbf1 Ra7
31.Qf2 f5 32.exf5 g5 33.f6+ Kf8 34.Be6 a4 35.Qc2 g4 36.R3f2 h5 37.Qd2 Nh6
38.Qg5 axb3 39.f7 Ra8 40.Qg8+ Ke7 41.Qg7  1-0

[Event "Rapidplay"]
[Site "Aubervilliers FRA"]
[Date "2000.01.30"]
[Round "5"]
[White "Bogdanov,E"]
[Black "Bologan,V"]
[Result "1/2-1/2"]
[WhiteElo "2236"]
[BlackElo "2589"]

1.e4 c5 2.Nf3 e6 3.d3 Nc6 4.g3 g6 5.Bg2 Bg7 6.O-O e5 7.Nc3 Nge7 8.Nd2 d6
9.Nc4 O-O 10.Ne3 Rb8 11.a4 a6 12.Ncd5 b5 13.axb5 axb5 14.c3 Kh8 15.h4 f5
16.exf5 gxf5 17.Nxe7 Nxe7 18.Nd5 f4 19.Ra7 Nxd5 20.Bxd5 Bh3 21.Bg2 Bxg2 22.Kxg2 f3+
23.Kh2 Qc8 24.Qe1 Rb7 25.Rxb7 Qxb7 26.Bg5 d5 27.Qd2 Qc6 28.Ra1 h6 29.Be3 d4
30.cxd4 cxd4 31.Qc1 Rc8 32.Bd2 Qe6 33.Qd1 e4 34.Bf4 exd3 35.Qxf3 Qe2 36.Kg2 Rc2
37.b3 Qxf3+ 38.Kxf3 Rb2 39.Ke4 Rxf2 40.Rd1 Kg8 41.Rxd3 Kf7 42.Kd5 Rc2 43.Be5 Rc3
44.Rxd4 Bxe5 45.Kxe5 Rxb3 46.g4 Rc3 47.Rd5 b4 48.Rb5 b3 49.g5 h5 50.Rb7+ Kg6
51.Rb6+ Kf7 52.Rb7+ Kg6 53.Rb6+  1/2-1/2

[Event "Sufe Cup"]
[Site "Shanghai CHN"]
[Date "2000.03.10"]
[Round "8"]
[White "Filippov,V"]
[Black "Bologan,V"]
[Result "0-1"]
[WhiteElo "2584"]
[BlackElo "2589"]

1.Nf3 Nf6 2.c4 g6 3.d4 Bg7 4.g3 O-O 5.Bg2 d6 6.Nc3 Nc6 7.O-O a6 8.d5 Na5
9.Nd2 c5 10.Qc2 Rb8 11.b3 b5 12.Rb1 h5 13.Bb2 Bf5 14.e4 Bd7 15.Nd1 bxc4 16.bxc4 e5
17.Ne3 Ng4 18.Nxg4 hxg4 19.Bc3 Qc7 20.Rxb8 Rxb8 21.Rb1 Rxb1+ 22.Qxb1 Bh6
23.Bf1 Bg5 24.h3 gxh3 25.Kh2 Nb7 26.Bxh3 Bxh3 27.Kxh3 Nd8 28.Kg2 Bxd2 29.Bxd2 f6
30.Qb3 Nf7 31.Kf3 Kg7 32.Ke2 Qc8 33.Qd3 Qh3 34.Kd1 Qg2 35.Be3 g5 36.Kd2 Qh1
37.Ke2 Kg6 38.Bd2 Nh6 39.Be1 f5 40.exf5+ Kf6 41.Ba5 e4 42.Qc3+ Kxf5 43.Qg7 Qf3+
44.Ke1 e3 45.fxe3 Qxe3+ 46.Kd1 Qd4+ 47.Qxd4 cxd4 48.Bb4 Nf7 49.Kc2 Ke4 50.Bd2 Ne5
51.Bxg5 Nxc4 52.Bd2 Ne5 53.Kb3 Kxd5 54.Bb4 Ng4 55.Kc2 Nf2 56.Be1 Ne4 57.g4 Kc4
58.Bd2 d3+ 59.Kc1 Kd4 60.g5 Ke5 61.Kd1 d5 62.Kc1 d4 63.Kd1 Kf5 64.Kc1 Nxg5
65.Bxg5 Kxg5 66.Kd2 Kf5 67.Kxd3 Ke5  0-1

[Event "zt 1.8"]
[Site "Minsk BLR"]
[Date "2000.05.29"]
[Round "4"]
[White "Bologan,V"]
[Black "Khruschiov,A"]
[Result "1-0"]
[WhiteElo "2589"]
[BlackElo "2281"]

1.e4 c5 2.Nf3 e6 3.d3 d5 4.Qe2 Nc6 5.g3 Nge7 6.Bg2 g6 7.O-O Bg7 8.c3 b6 9.e5 Ba6
10.Re1 Qc7 11.Na3 h6 12.h4 O-O-O 13.Rb1 Kb8 14.b4 cxb4 15.cxb4 b5 16.Nc2 Rc8
17.a4 Nxe5 18.Nfd4 g5 19.hxg5 hxg5 20.Bxg5 N7g6 21.axb5 Bxb5 22.Nxb5 Qxc2
23.Qe3 Qa4 24.Ra1 Nf3+ 25.Qxf3 Bxa1 26.Qxf7 Be5 27.Qxg6 Qxb4 28.Kf1 Qxb5
29.Rxe5 Rhg8 30.Bf4 Ka8 31.Qxe6 Qxd3+ 32.Kg1  1-0

[Event "zt 1.8"]
[Site "Minsk BLR"]
[Date "2000.06.03"]
[Round "8"]
[White "Bologan,V"]
[Black "Svetushkin,D"]
[Result "1/2-1/2"]
[WhiteElo "2589"]
[BlackElo "2486"]

1.e4 c6 2.d4 d5 3.Nd2 dxe4 4.Nxe4 Bf5 5.Ng3 Bg6 6.h4 h6 7.Nf3 Nf6 8.Ne5 Bh7
9.Bd3 Bxd3 10.Qxd3 e6 11.Bf4 Qa5+ 12.Bd2 Qa6 13.c4 Nbd7 14.O-O Be7 15.Rfe1 Nxe5
16.dxe5 Nd7 17.Ne4 Nc5 18.Nd6+ Bxd6 19.Qxd6 Nd7 20.Qd3 O-O-O 21.Qc2 Nc5 22.b3 Rd7
23.Bc3 Rhd8 24.Qh7 Qb6 25.Qxg7 Nd3 26.Re3 f5  1/2-1/2

[Event "zt 1.8"]
[Site "Minsk BLR"]
[Date "2000.06.08"]
[Round "13"]
[White "Bologan,V"]
[Black "Ibrahimov,R"]
[Result "1/2-1/2"]
[WhiteElo "2589"]
[BlackElo "2415"]

1.e4 c5 2.Nf3 d6 3.d4 cxd4 4.Nxd4 Nf6 5.Nc3 a6 6.Be3 e5 7.Nb3 Be6 8.f3 h5
9.Qd2 Nbd7 10.Nd5 Nxd5 11.exd5 Bf5 12.Be2 Be7 13.O-O O-O 14.Na5 Qc7 15.c4 Nf6
16.b4 Bd7 17.Rac1 b6 18.Nb3 Ba4 19.f4 exf4 20.Bxf4 Bxb3 21.axb3 a5 22.Bf3 axb4
23.Qxb4 Rfe8 24.Qd2 g6 25.b4 Bf8 26.Qf2 Nd7 27.Qg3 Ra3 28.Kh1 Ne5 29.Rfe1 Bg7
30.Qf2 Rd8 31.Be2 Rb3 32.c5 bxc5 33.bxc5 dxc5 34.Rxc5 Qb6 35.Be3 Rxe3 36.Qxe3 Nd7
37.Rc3 Bxc3 38.Qxc3 Nf6 39.Bf3 Qd6 40.Rd1 Ng4 41.Bxg4 hxg4 42.Qd4 Re8 43.g3 Re5
44.Qc4 Qf6 45.Qc8+ Kg7 46.Qc3 Re2 47.Qxf6+ Kxf6 48.d6 Re8 49.Rd4 Rd8 50.Rxg4 Rxd6  1/2-1/2

[Event "6th Tan Chin Nam Cup"]
[Site "Beijing CHN"]
[Date "2000.07.14"]
[Round "6"]
[White "Bologan,V"]
[Black "Ye Jiangchuan"]
[Result "1-0"]
[WhiteElo "2641"]
[BlackElo "2670"]

1.e4 c5 2.Nf3 d6 3.d4 cxd4 4.Nxd4 Nf6 5.Nc3 Nc6 6.Bg5 e6 7.Qd2 Be7 8.O-O-O O-O
9.f3 a6 10.h4 Nxd4 11.Qxd4 b5 12.Kb1 Bb7 13.Qd2 Qc7 14.Ne2 Rac8 15.Nd4 Rfd8
16.Bd3 Ne8 17.g4 Bf6 18.Be3 d5 19.e5 Bxe5 20.f4 Bd6 21.g5 e5 22.fxe5 Bxe5
23.g6 Nd6 24.gxf7+ Qxf7 25.Rhf1 Qd7 26.Nf3 Bf6 27.Ng5 Nc4 28.Bxh7+ Kh8 29.Qe2 Qe8
30.Rxf6 gxf6 31.Bd4 Rc6 32.Qf2 Qf8 33.Bd3 Rd7 34.Qf5 Re7 35.Nh7 Bc8 36.Qh5 Qf7
37.Bg6  1-0

[Event "Najdorf Final KO"]
[Site "Buenos Aires ARG"]
[Date "2000.09.14"]
[Round "3.2"]
[White "Zapata,A"]
[Black "Bologan,V"]
[Result "0-1"]
[WhiteElo "2487"]
[BlackElo "2641"]

1.e4 e5 2.Nf3 Nc6 3.Bb5 a6 4.Ba4 Nf6 5.O-O Be7 6.Re1 b5 7.Bb3 d6 8.a4 Bg4
9.c3 O-O 10.d3 Na5 11.Bc2 b4 12.Nbd2 Rb8 13.d4 c5 14.h3 Bxf3 15.Nxf3 Nd7
16.dxe5 Nxe5 17.Nh2 Bf6 18.cxb4 Rxb4 19.Ra2 Nac6 20.Bb1 Qb8 21.f4 Ng6 22.Re2 c4
23.Nf3 Rd8 24.Qe1 Rb3 25.Bc2 Rb7 26.Bb1 Rb3 27.Bc2 Rxf3 28.gxf3 Nd4 29.Rf2 Nxc2
30.Rxc2 Qb3 31.Qe2 Qxa2 32.Qxc4 Qxc4 33.Rxc4 d5 34.Rc6 dxe4 35.fxe4 Bxb2
36.Bxb2 Rd1+ 37.Kf2 Rd2+ 38.Kg3 Rxb2  0-1

[Event "Super Final"]
[Site "Buenos Aires ARG"]
[Date "2000.09.20"]
[Round "3"]
[White "Flores,Di"]
[Black "Bologan,V"]
[Result "0-1"]
[WhiteElo "2358"]
[BlackElo "2641"]

1.e4 g6 2.d4 Bg7 3.Nc3 c6 4.Bc4 d6 5.Qf3 e6 6.Nge2 Nd7 7.O-O b5 8.Bb3 a5
9.a3 Ba6 10.Bf4 Qe7 11.Rfe1 e5 12.Bg5 Ngf6 13.Rad1 h6 14.Bh4 b4 15.axb4 axb4
16.Nb1 O-O 17.Qe3 Rfe8 18.Bg3 Nh5 19.dxe5 Nxe5 20.Bxe5 Qxe5 21.Nd4 c5 22.Nf3 Qxb2
23.Rxd6 c4 24.Ba4 Re7 25.Bc6 Bb7 26.Qc5 Rc7 27.Qb6 Rxc6 28.Qxb7 Rcc8 29.Rd7 b3
30.cxb3 c3 31.Nxc3 Qxc3 32.Rxf7 Ra1 33.Rxg7+ Nxg7 34.Qxc8+ Qxc8 35.Rxa1 Qc3
36.Re1 Qxb3 37.Re3 Qb1+ 38.Re1 Qb4 39.g3 g5 40.h3 Ne6 41.Re3 Nc5 42.e5 Kf7
43.Kg2 Ke7 44.Kg1 Qc4 45.Kg2 Ne4 46.Ne1 Nd2 47.Nd3 Qd5+ 48.Kg1 Nc4  0-1